000 00532nam a22001817a 4500
005 20251127131241.0
008 251124b |||||||| |||| 00| 0 eng d
020 _a978-81-19613-80-9
041 _aeng
082 _a615 DHI-P
100 _aDHIRAJ , KUMAR
_98784
245 _aPHARMA CRACK MCQS FOR PHARMACY [ DIPLOMA EXIT EXAMINATION "DPEE, GPAT/NIPER [VOL-1& VOL-II]
250 _a1ST ED, 2022
260 _aNEW DELHI
_bINNOVATIVE PUBLICATIONS PVT LTD
_c2023
300 _a146;P
650 _aPHARMACY
_xD.PHARMA
942 _cBK
999 _c8961
_d8959